Žizň Jesenina rasskazyvajut sovremenniki

Bibliographic Details
Format: Book
Language:Undetermined
Published: Moskva Pravda 1988

MARC

LEADER 00000nam a2200000 a 4500
001 vtls001405425
003 SK-MaSNL
005 20260224201419.0
008 210928s1988 xx 0 und
035 |a SNK000360044 
040 |a SNK  |b slo  |c SNK  |e AACR2 
245 1 |a Žizň Jesenina  |b rasskazyvajut sovremenniki 
260 |a Moskva  |b Pravda  |c 1988 
300 |a 605 s. 
958 |a OND 
999 |c 1154792  |d 1156722 
952 |t P60, <04>, [BOOK], {604}  |a SNK  |b SNK  |y VYP  |7 0  |p 17A0265066  |o snkIC 112987  |0 0  |1 0  |4 0  |d 2001-01-23  |l 0  |r 2005-01-02 00:00:00  |w 2026-02-24